000 00400nam a2200157Ia 4500
003 GCL
008 140319s9999 xx 000 0 eng d
040 _aGCL /
_cGCL
082 0 4 _a862
_bG T
100 1 _aGALDOS, BENITO PEREZ
245 1 0 _aTARMENTO /
_cGALDOS, BENITO PEREZ
260 _a[S.N] :
_bEL LIBRO DE BOLSILLO ،
_c1986
300 _a255
650 0 4 _aSPANISH LITERATURE
942 _2ddc
_cBK
999 _c10599
_d10599